Vista normal
Vista MARC
Entrada Materia (personas)
Número de registros utilizados en: 5
001 - CONTROL NUMBER
- control field: 34038
003 - CONTROL NUMBER IDENTIFIER
- control field: Co-BoUCM
005 - DATE AND TIME OF LATEST TRANSACTION
- control field: 20130322132924.0
008 - FIXED-LENGTH DATA ELEMENTS
- fixed length control field: 130322|| aca||aabn | a|a d
040 ## - CATALOGING SOURCE
- Original cataloging agency: Co-BoUCM
- Transcribing agency: Co-BoUCM
100 ## - HEADING--PERSONAL NAME
- Personal name: Pessoa, Fernando
- Dates associated with a name: 1888-1935
670 ## - SOURCE DATA FOUND
- Source citation: Work cat.: (Co-BoUCM)34066: Pessoa, Fernando 1888-1935, Poesías completas de Alberto Caeiro, 1997.